| 000 | 00685nam a2200265 i 4500 | ||
|---|---|---|---|
| 001 | bg | ||
| 100 | 1 | _aEVANS, Virginia | |
| 245 | 1 | 0 |
_aFCE use of English 2 / _cVirginia Evans. |
| 250 | _a5th impr. | ||
| 260 |
_aNewbury : _bExpress Publishing, _c2006. |
||
| 300 |
_a255 s. : _bil. ; _c28 cm. |
||
| 650 | 9 | _aJęzyk angielski | |
| 655 | _aPodręczniki | ||
| 020 | _a1842168312 | ||
| 020 | _a9781842168318 | ||
| 040 | _cBPK | ||
| 041 | 0 | _aeng | |
| 041 | 0 | _aeng | |
| 080 | _a811.111(07) | ||
| 920 | _a1-84216-831-2 | ||
| 920 | _a978-1-84216-831-8 | ||
| 942 | _cKS | ||
| 008 | s pl f |000 0 pol | ||
| 999 |
_c52515 _d52515 |
||
| 856 |
_uhttp://koha.tu.koszalin.pl/cgi-bin/koha/opac-detail.pl?biblionumber=52515 _yKatalog online BPK |
||